No te ahogues en un vaso de agua: (Registro nro. 11332)

Detalles MARC
000 -LIDER
fixed length control field 01131cam a2200349 i 4500
001 - NÚMERO DE CONTROL
Identificador de número de control 0000660
003 - IDENTIFICACDOR DE NÚMERO DE CONTROL
control field DO-SdBNP
005 - DATE AND TIME OF LATEST TRANSACTION
control field 20231020135034.0
007 - CAMPOS FIJOS DE DESCRIPCIÓN FÍSICA
fixed length control field 0000660
008 - ELEMENTOS DE LONGITUD FIJA
fixed length control field 100514s2003 mx 000 f spa
015 ## - NÚMERO DENTRO DE LA BIBLIOGRAFÍA NACIONAL
National bibliography number
017 ## - NÚMERO DE REGISTRO DE DERECHOS DE AUTOR
Copyright or legal deposit number
Assigning agency
020 ## - ISBN
International Standard Book Number 9681912306
035 ## - NÚMERO LOCAL
System control number
040 ## - FUENTE DE CATALOGACIÓN
Agencia que crea de manera original el registro BPMSU
Idioma de catalogación spa
Agencia que realiza la transcripción BPMSU
Convenciones de la despripción
080 ## - NÚMERO DE CLASIFICACIÓN DECIMAL UNIVERSAL
Universal Decimal Classification number
082 #4 - NÚMERO DE CLASIFICACIÓN DECIMAL DE DEWEY
Classification number 158.24
Item number C284n 2003
Edition number 22
100 1# - ASIENTO PRINCIPAL -- NOMBRE PERSONAL
Nombre personal Carlson, Richard
245 10 - MENCIÓN DE TITULO
Título No te ahogues en un vaso de agua:
Subtítulo la familia en armonía, evita que la rutina controle tu vida y atesora el cariño de tus seres queridos /
Mención de responsabilidad Richard Carlson ; traducción Martín Mohedano Caballero
260 ## - PUBLICACIÓN, DISTRIBUCIÓN, ETC. (PIE DE IMPRENTA)
Lugar de publicación, distribución, etc México :
Nombre del editor, distribuidor, etc. Alamah,
Fecha de publicación, distribución, etc 2003.
300 ## - DESCRIPCIÓN FÍSICA
Extensión 225 p.;
Dimensiones 19 cm
490 0# - MENCIÓN DE SERIES
Mención de serie Autoayuda
500 ## - NOTA GENERAL
Nota general Incluye datos biográficos del autor.
534 ## - NOTA SOBRE LA VERSIÓN ORIGINAL
Asiento principal del original Título original :
Mención del título original Don´t sweat the small stuff with your family
590 ## - NOTA LOCAL
Texto de la nota local Inventariado, 2023/VM
650 #4 - ENCABEZAMIENTO DE MATERIA--TEMÁTICO
Término temático o nombre geográfico como elemento de entrada Satisfacción familiar
650 #4 - ENCABEZAMIENTO DE MATERIA--TEMÁTICO
Término temático o nombre geográfico como elemento de entrada Calidad de vida familiar
650 #4 - ENCABEZAMIENTO DE MATERIA--TEMÁTICO
Término temático o nombre geográfico como elemento de entrada Relaciones familiares
700 1# - ASIENTO SECUNDARIO -- NOMBRE PERSONAL
Nombre personal Mohedano Caballero, Martín
Mención de responsabilidad trad.
910 ## - VALIDACIÓN
Validación VMateo V. Control de calidad. BPMSU
942 ## - ADDED ENTRY ELEMENTS (KOHA)
Source of classification or shelving scheme Dewey Decimal Classification
Koha item type Libros
Existencias
Withdrawn status Lost status Source of classification or shelving scheme Damaged status Not for loan Collection code Home library Current library Date acquired Source of acquisition Total Checkouts Full call number Barcode Date last seen Price effective from Koha item type Copy number
    Dewey Decimal Classification     Colección Juvenil General Biblioteca Pública Metropolitana Salomé Ureña Biblioteca Pública Metropolitana Salomé Ureña 09/06/2016 ALFAGUARA   BPMSU CJG 158.24 C284n 2003 BPMSU16090193 09/06/2016 09/06/2016 Libros  
    Dewey Decimal Classification     Colección Juvenil General Biblioteca Pública Metropolitana Salomé Ureña Biblioteca Pública Metropolitana Salomé Ureña 09/06/2016 ALFAGUARA   BPMSU CJG 158.24 C284n 2003 BPMSU16090194 09/06/2016 09/06/2016 Libros e.2
    Dewey Decimal Classification     Colección Juvenil General Biblioteca Pública Metropolitana Salomé Ureña Biblioteca Pública Metropolitana Salomé Ureña 09/06/2016 ALFAGUARA   BPMSU CJG 158.24 C284n 2003 BPMSU16090195 09/06/2016 09/06/2016 Libros e.3